• 首页
  • 本馆介绍
  • 公告通知
  • 最新文献
  • 馆藏检索
  • 电子资源
  • 读者导购
  • 参考咨询
  • 我的图书馆
  • 登录
  • 详细信息显示
  • 放入我的书架
  • 预约/预借图书
  • 作者相关作品
  • 分类相关作品
  • 丛书相关作品
  • 出版社相关作品

书目信息

  • 表格格式
  • 工作单格式
  • 卡片格式
题名:
邢锡波医案选
    
 
作者: 邢锡波 著
分册:  
出版信息: 天津   天津科学技术出版社  1980
页数: 149页
开本: 19cm
丛书名:
单 册:
中图分类: R249.7
科图分类:
主题词: 医案
电子资源:
ISBN:
000 00551nam0 2200217 45
001 0180004135
005 20060815174621.74
010    @dCNY0.48
091    @a14212.17
100    @a19960215d1980 em y0chiy0121 ea
101 0  @achi
102    @aCN@b120000
105    @ay z 000yy
200 10 @a邢锡波医案选@Axing xi bo yi an xuan@f邢锡波著
210    @a天津@c天津科学技术出版社@d1980
215    @a149页@d19cm
606    @a医案
690    @aR249.7@v3
701  0 @a邢锡波@Axing xi bo@4著
801  0 @aCN@bTSSF@c20060815
905    @a10447@dR249.7@e165
    
    邢锡波医案选/邢锡波著.-天津:天津科学技术出版社,1980
    149页;19cm
    
    
    ISBN :CNY0.48
    
●
相关链接 在E读中查询图书 在五车中查询图书 在当当中查询图书 在豆瓣中查询图书


正题名:邢锡波医案选     索取号:R249.7/165         预约/预借

序号 登录号 条形码 馆藏地/架位号 状态 备注
1 0458314   204583147   密集书库/ [索取号:R249.7/165] 在馆    
唐山师范学院图书馆 欢迎您!
大连网信软件有限公司© 版权所有